000
00308nam a22001337a 4500
008
190201b xxu||||| |||| 00| 0 eng d
020
_a
49168
041
_a
eng
080
_2
2nd
_a
101
100
_a
24
101
_a
FIL
245
_a
An Introduction to Philosophical Analysis
_c
Hospers, J
942
_2
udc
_c
BK
999
_c
53910
_d
53910